Top scorer footballer for every european country. - Statistics

General Stats
  • This quiz has been taken 90 times
  • The average score is 10 of 27
Answer Stats
Country Answer Goals % Correct
Portugal Cristiano Ronaldo 117
99%
Sweden Zlatan Ibrahimovic 62
81%
Poland Robert Lewandowski 76
79%
Germany Miroslav Klose 71
76%
Belgium Romelu Lukaku 68
76%
Hungary Ferenc Puskás 80
72%
France Thierry Henry 51
71%
Spain David Villa 59
65%
Netherlands Robin van Persie 50
61%
Romania Adrian Mutu / Georghe Hagi 35
55%
Republic of Ireland Robbie Keane 68
48%
Slovakia Marek Hamšík 26
43%
Finland Teemu Pukki 37
37%
Italy Luigi Riva 35
35%
Croatia Davor Suker 45
33%
Bulgaria Dimitar Berbatov 48
31%
Czech Republic Jan Koller 55
19%
Denmark Jon Dahl Tomasson 51
9%
Slovenia Zlatko Zahovic 35
5%
Lithuania Tomas Danilevičius 19
4%
Latvia Māris Verpakovskis 30
3%
Cyprus Michalis Konstantinou 30
3%
Greece Nikolaos Anastopoulos 29
3%
Austria Toni Polster 46
3%
Estonia Andres Oper 38
1%
Luxembourg Aurélien Joachim 15
1%
Malta Michael Mifsud 42
1%
No matching quizzes found
Score Distribution
Percent of People with Each Score
Percentile by Number Answered
Your Score History
You have not taken this quiz